[Event "Linz"]
[Site "Linz"]
[Date "1997.05.24"]
[Round "8"]
[White "Glek, Igor Vladimirovich"]
[Black "Casagrande, Harald"]
[Result "1-0"]
[WhiteElo "2620"]
[BlackElo "2365"]
[Annotator "Finkel,A"]
[PlyCount "81"]
[EventDate "1997.05.17"]
[EventType "tourn"]
[EventRounds "9"]
[EventCountry "AUT"]
[EventCategory "12"]
[SourceTitle "CBM 059"]
[Source "ChessBase"]
[SourceDate "1997.08.01"]
[SourceVersion "1"]
[SourceVersionDate "1997.08.01"]
[SourceQuality "1"]

1. e4 {Mueller,Ka} d5 2. exd5 Nf6 3. d4 Nxd5 4. Nf3 Bg4 5. Be2 e6 6. Ne5 $5 {
This move is considered to lead to quiet simple position with equal chances.
But in hands of such an agressive player as Glek every variation is dangerous.}
Bxe2 7. Qxe2 Nc6 {sehr verpflichtend, da die Bauernstruktur nun dauerhaft
geschwächt ist.} (7... c6 8. Nd2 Nd7 9. O-O Bd6 10. Rd1 Nf4 11. Qg4 Ng6 12. Ne4
Nf6 13. Nxd6+ Qxd6 14. Qe2 $14 {Stodola Jaroslav-Obrazek Karel/Ch Czech Chess
Union (open), Prague (Cz 1995 (19)}) (7... Nd7 8. O-O Be7 (8... Nxe5 $6 9. dxe5
Qd7 10. c4 Nb6 11. Rd1 Qc6 12. b3 h5 13. Bg5 $14 {Gligoric,S-Tot,B/Sombor YUG
ch 1957 (31)}) 9. c4 (9. Rd1 O-O 10. c4 N5f6 11. Nc3 c6 12. Bg5 Ne8 13. Nxd7 (
13. Bf4 $5 $14) 13... Qxd7 14. Bxe7 Qxe7 $11 {Riefner,E-Kindl,P/BL2-S 1988 (33)
}) 9... N5b6 10. Nc3 (10. c5 $5 Nd5 11. c6 Nxe5 12. cxb7 $1 Rb8 13. dxe5 Rxb7
14. Qg4 Kf8 15. Nd2 $14 {Birmingham,E-Chevaldonnet,F/Hamburg HSV 1986 (40)})
10... O-O 11. Rd1 Qc8 12. Bf4 Rd8 13. Ne4 Nf8 14. Qh5 $14 {Gazik,I-Holzhaeuer,
M/OLWuert 1992 (35)}) 8. Nxc6 bxc6 9. O-O Qh4 $5 (9... Be7 10. c4 Nb6 11. Be3
O-O 12. Nc3 Qc8 13. Rfd1 Qa6 14. b3 Rae8 15. Qf3 $14 {Gazik,I-Sikora Lerch,J/
OLWuert 1992 (41)}) 10. c4 Nf6 11. Qf3 Qe4 12. Nd2 Qxf3 13. Nxf3 $14 c5 14. d5
$5 (14. Be3 cxd4 15. Bxd4 Be7 16. Rfd1 O-O 17. Ne5 $14) 14... exd5 15. Re1+ Be7
16. Bf4 d4 $6 ({Deserved attention} 16... Rb8 $5 17. Re2 (17. Bxc7 $5 Rxb2 18.
Bd6 Rb7 19. cxd5 Nxd5 20. Rad1 Nb4 21. Rd2 $1 $14) 17... Kf8 18. Bxc7 Rb7 19.
Be5 d4 20. Rd1 $14 {,because now black remaines without active counterplay.}) (
16... dxc4 {Mueller,Ka} 17. Bxc7 Nd5 (17... Kf8 $14) 18. Bd6 Kf8 19. Rxe7 Nxe7
20. Re1 Re8 21. Ne5 f6 (21... Rd8 22. Bxc5 Rd5 23. Ba3 $18) 22. Nc6 Kf7 23.
Nxe7 Rd8 24. Bxc5 $16 (24. Nf5 $6 Rhe8)) (16... c6 {Mueller,Ka} 17. Bd6 Ne4 18.
Bxe7 Kxe7 19. Nd2 Kf6 20. Nxe4+ dxe4 21. Rxe4 Rhd8 $14) 17. Bxc7 Kf8 {das
Endspiel ist klar besser für Weiß, weil sich Schwarz nicht gut koordinieren
kann.} (17... Kd7 {Mueller,Ka} 18. Bg3 Bd6 19. Ne5+ Bxe5 20. Rxe5 $14) 18. Re2
Ne8 19. Bf4 (19. Rae1 {Mueller,Ka} Bf6 $1 $14 (19... Nxc7 20. Rxe7 Ne6 21. Rb7
$16)) 19... h6 20. Rae1 {White's advantage in the endgame is quiet remarkable:
he controles the only open file,his pieces are much better placed and black
pawns on the queenside are vulnerable.} Bf6 21. h4 h5 22. Ne5 $1 g6 23. g3 Kg7
24. Nd3 $16 Rc8 25. b3 {Was soll Schwarz nun ziehen ?} Nc7 $6 {It's easy to
criticize black for this move,but very difficult to offer something instead.
Black sacrifices a pawn hoping to get some space for his pieces,but it just
makes things worse. das Bauernopfer führt wenigstens zu mehr Figurenaktivität.}
26. Nxc5 $18 Nd5 27. Nd3 Nc3 28. Rc2 Rhe8 29. Rxe8 Rxe8 30. Kf1 Re6 31. c5 Kf8
32. Bd2 $1 {White converts his agvantage into win with very simple and
efficient moves.} Ke8 33. Nf4 Rc6 34. b4 a5 35. a3 axb4 36. axb4 Nb5 37. Ra2
Bd8 38. Ke2 {Now it's over.} Kd7 39. Kd3 Rf6 40. Kc4 Nc7 41. b5 {This game is
a great example of positional chess.} 1-0

[Event "EU-chT (Men) 11th"]
[Site "Pula"]
[Date "1997.05.??"]
[Round "1.2"]
[White "Movsesian, Sergei"]
[Black "Damaso, Rui"]
[Result "0-1"]
[WhiteElo "2630"]
[BlackElo "2465"]
[Annotator "Finkel,A"]
[PlyCount "52"]
[EventDate "1997.05.05"]
[EventType "team-swiss"]
[EventRounds "9"]
[EventCountry "CRO"]
[SourceTitle "CBM 057 Extra"]
[Source "ChessBase"]
[SourceDate "1997.05.01"]
[SourceVersion "1"]
[SourceVersionDate "1997.05.01"]
[SourceQuality "1"]
[WhiteTeam "Czech Republic"]
[BlackTeam "Portugal"]
[WhiteTeamCountry "CZE"]
[BlackTeamCountry "POR"]

1. e4 {Mueller,Ka} d5 2. exd5 Nf6 3. Bb5+ Nbd7 4. c4 a6 5. Bxd7+ (5. Ba4 $5)
5... Bxd7 $5 (5... Qxd7 $6 6. d3 c6 (6... b5 $5 7. Nc3 bxc4 8. dxc4 c6 9. Bg5
$5 cxd5 10. cxd5 Bb7 11. Bxf6 gxf6 12. Qf3 Bh6 13. Nge2 Rg8 14. Rd1 $14 {
Sellos,D-Labarthe,A/Val Maubuee op 1988/1-0 (49)} (14. Rd1 O-O-O 15. O-O $14 {
Sellos,D-Labarthe,A/Val Maubuee op 1988/EXT 88op/1-0 (49)})) (6... e6 {Mueller,
Ka} 7. dxe6 Qxe6+ 8. Qe2 (8. Ne2 Bd7 9. Nbc3 O-O-O 10. O-O Bc6 11. Nf4 Qf5 12.
d4 g5 13. Nfe2 $13 {Vlassov,N-Ulko,J/Moscow-ch op 1995/EXT 95ch/0-1 (83)}) 8...
Qxe2+ 9. Kxe2 Bf5 10. Nf3 O-O-O 11. Rd1 h6 12. Be3 g5 13. Nc3 $14 {0-1 Acs,
P-Palkovi,J/HUN-ch 1996/CBM 57 (33)}) 7. dxc6 Qxc6 8. Nf3 Bf5 9. O-O Rd8 10.
Ne5 Qc8 11. d4 Nd7 12. Qa4 f6 13. Nxd7 Bxd7 14. Qb3 e6 15. Bf4 $16 {Calzetta,
M-Medina,J/Cto España 1992/1-0 (41)}) 6. d4 (6. Nf3 e6 7. dxe6 Bxe6 8. b3 (8.
Qa4+ $6 c6 9. O-O Qd3 $1 10. Qb3 O-O-O 11. Qxd3 Rxd3 12. b3 Bc5 13. Bb2 Ne4 $44
{Euler,G-Buenermann,V/Giessen op 1993 (55)}) 8... Qd3 9. Qe2 Qc2 $5 10. O-O
O-O-O 11. Qe3 Rd3 12. Ne1 $1 Rxe3 13. Nxc2 Rd3 14. Ne1 Rd8 15. Bb2 $14 {
Zelic,M-Truta,S/CRO-Cup Pula 1994 (38)} (15. Bb2 {Mueller,Ka} Bc5 16. Nf3 Rd3
17. Ne5 $14 {1-0 Zelic,M-Truta,S/CRO-Cup Pula 1994/EXT 94 (38)})) (6. Ne2 {
Mueller,Ka} c6 7. Nbc3 cxd5 8. cxd5 Bg4 9. f3 Bf5 10. Ng3 Bd3 11. Qa4+ b5 12.
Qd4 Bc4 13. d3 Bxd5 14. Bg5 Bb7 15. Bxf6 gxf6 16. Qxd8+ Rxd8 $15 {Skjoldager,
F-Andersen,E/Hedehusene op 1991/EXT 91op2/0-1 (59)}) 6... e6 (6... b5 $5 7. b3
e6 8. dxe6 Bxe6 9. d5 Bg4 10. f3 Bf5 11. Ne2 Bc5 12. Bb2 Qe7 13. Bd4 Bxd4 14.
Qxd4 O-O 15. Kf2 Rad8 $6 (15... bxc4 16. bxc4 Rab8 $1 $44) 16. Nbc3 b4 17. Ng3
$1 $16 {Anand,V-Galego,L/Oviedo 1993 (20)}) 7. dxe6 Bxe6 8. d5 Bg4 9. f3 Bf5 {
Läuferpaar, schwache schwarze Felder und der Entwicklungsvorsprung geben
Schwarz Kompensation für den Bauern. Die Sache ist sicher nicht ungiftig.} 10.
Be3 $5 {Taking under controle very important square c5.} (10. Nc3 $6 Bc5 11.
Nge2 O-O 12. Bg5 h6 13. Bh4 Re8 14. Qb3 Rb8 $44) 10... Bb4+ 11. Kf2 (11. Nd2 $6
Qe7 12. Qe2 O-O-O 13. a3 Bc5 14. Bxc5 Qxc5 $36) 11... O-O 12. a3 Bd6 13. Ne2
Re8 $44 {The fact that white is a pawn up is insignificient,because all black
pieces take very active positions and white king does'nt feel safe on the
kingside.All this fully compensate black for the lack of a pawn.} 14. Ng3 (14.
Nbc3 Nd7 $1 15. Ng3 Bg6 16. Nge4 Be5 17. Qb3 Bxc3 18. Nxc3 Ne5 $44) 14... Bg6
15. Bd4 $6 {Loosing time,which is very dangerous espacially taking into
consideration the fact that white alredy has problems with development.} (15.
Nc3) (15. Re1 {Mueller,Ka} b5 16. Nd2 bxc4 17. Nxc4 Nxd5 $40) 15... Nd7 $1 $15
{Clearing a pass for a queen and transfering a knight to more active position.}
(15... b5 $5 {Mueller,Ka}) 16. Rf1 {Intending to escpe with the king.} Ne5 17.
Kg1 Qh4 $5 (17... Nxc4 $5 18. Qb3 b5 19. Qc3 Qg5 $1 20. b3 Ne3 $17) 18. Nc3
Nxc4 $17 {Now the material balance is restored and black's initiative becomes
more and more dangerous.} 19. Nce4 Bf4 (19... Bxe4 20. fxe4 Bxg3 21. hxg3 Qxe4
22. Rf4 Qg6 {would also lead to decisive advantage.}) 20. Re1 f5 $19 21. Qd3 (
21. b3 Na5 22. Nc3 Rxe1+ 23. Qxe1 Bxg3 $19) 21... Ne5 22. Bxe5 fxe4 $1 23. Qc4
Bxe5 24. d6+ Kh8 25. d7 Red8 26. Rad1 Qe7 {Very nice example of active
agressive chess.} 0-1

[Event "SCG-ch 2nd"]
[Site "Pancevo"]
[Date "2006.03.09"]
[Round "10"]
[White "Kovacevic, Aleksandar"]
[Black "Djukic, Nikola"]
[Result "1-0"]
[WhiteElo "2535"]
[BlackElo "2523"]
[Annotator "Finkel,A"]
[PlyCount "77"]
[EventDate "2006.02.27"]
[EventType "tourn"]
[EventRounds "13"]
[EventCountry "YUG"]
[EventCategory "11"]
[SourceTitle "CBM 112"]
[Source "ChessBase"]
[SourceDate "2006.06.07"]
[SourceVersion "1"]
[SourceVersionDate "2006.06.07"]
[SourceQuality "1"]

1. e4 d5 2. exd5 Qxd5 3. Nc3 Qd8 {More popular is 3...Qd6.} 4. d4 Nf6 5. Bc4 a6
6. Nf3 b5 7. Bb3 c5 $5 {It seems that despite of certain delay in development
Black's chances in this line are quite reasonable.} 8. dxc5 Qxd1+ 9. Nxd1 ({
Nothing promises} 9. Kxd1 e6 10. Be3 Bb7 11. a4 b4 12. Na2 Ng4 13. Nxb4 Nxe3+
14. fxe3 Bxc5 15. c3 Bxe3 16. Nd5 Bxd5 17. Bxd5 Ra7 $11 {Rozentalis,
E-Dizdarevic,E/Mallorca 2004}) 9... e6 10. a4 {Forcing Black to place a pawn
on b4.} (10. O-O Bb7 11. a4 b4 12. a5 Bxc5 13. Ba4+ Ke7 14. Be3 Rc8 15. Ne5 Bd6
16. Bd4 Nd5 $15 {Mladenovic,J-Drljevic,L/Vrnjacka Banja 2005}) 10... b4 11. a5
{[%csl Rb4] Now the strategical struggle is about the pawn on b4, which is
Black's only weakness in the position.} Bxc5 12. Ne5 Bb7 (12... Nbd7 $5 13. Nd3
Bb7 14. f3 Bd5 15. Ba4 Ke7 16. Ne3 Rhc8 $132 {Ulibin,M-Costa,J/Biel 2005}) 13.
O-O Ke7 $6 {Basically the king is better placed in the centre, but Black's
bishop is deprived of a chance to retreat to e7 after Nd3, so 13...0-0 should
have also came into consideration.} (13... O-O) 14. Nd3 Bd6 15. Ne3 Be4 $5 {
Trying to secure the square c5 for the bishop.} ({In case of} 15... Nc6 16. Nc4
Nd4 17. Nxd6 Kxd6 18. Bd2 Nxb3 19. Bxb4+ Kc6 20. cxb3 $16 {White just gains a
pawn.}) 16. Rd1 (16. Nc4 Bxd3) 16... Bxd3 17. Rxd3 Nc6 18. Nc4 Bc5 19. Ba4 Rac8
$6 {It was necessary to come to c8 with the other rook in order to attack the
pawn on b6 later on.} (19... Rhc8 20. Nb6 Bxb6 21. axb6 Rab8 $13) 20. Nb6 {
Now White is much better as it's very difficult for Black to protect his weak
pawns on the queenside.} Bxb6 (20... Rc7 $2 21. Bf4 e5 22. Re1 $18) 21. axb6
Ne5 22. Rd4 Nd5 23. Bb3 $1 {[%csl Ra6,Rd5]} Nc6 24. Re4 Rhd8 $6 (24... Nxb6 25.
Rxa6 Nd7 26. Bg5+ Nf6 27. Rc4 Rhd8 28. h3 Nd4 29. Rxb4 $16) 25. Bg5+ $1 $16 {
An important intermediate move forcing Black to weaken e6.} f6 {[%csl Re6]} 26.
Be3 Nb8 (26... Nxe3 27. Rxe6+ Kf8 28. fxe3 $18) 27. b7 Rc6 28. Ba7 Kd6 (28...
Kf7 29. Rd1 Rcd6 30. Rc4 $18 {[%cal Gc4c8]}) 29. Rd1 {Black can't avoid
material losses.} a5 (29... Kc7 30. Ba4 Rcd6 31. Bc5 $18) 30. Bxd5 exd5 31.
Rxd5+ $1 $18 Kxd5 32. Rd4+ Ke6 33. Rxd8 Rxc2 34. g4 Na6 35. Rc8 b3 36. Bd4 Kd5
37. Ra8 Rc7 38. Rxa6 Rxb7 39. Bc3 1-0

[Event "Asia-ch 5th"]
[Site "Hyderabad"]
[Date "2005.10.08"]
[Round "3"]
[White "Ni, Hua"]
[Black "Filippov, Anton"]
[Result "1-0"]
[WhiteElo "2603"]
[BlackElo "2478"]
[Annotator "Finkel,A"]
[PlyCount "103"]
[EventDate "2005.10.05"]
[EventType "swiss"]
[EventRounds "9"]
[EventCountry "IND"]
[SourceTitle "CBM 110"]
[Source "ChessBase"]
[SourceDate "2006.01.31"]
[SourceVersion "1"]
[SourceVersionDate "2006.01.31"]
[SourceQuality "1"]

1. e4 d5 2. exd5 Qxd5 3. Nc3 Qa5 4. d4 Nf6 5. Bc4 c6 6. Bd2 Qc7 7. Nf3 e6 $6 {
This continuation is far too passive, so White easily gets the upper hand.} 8.
Qe2 Nbd7 (8... Be7 9. O-O-O (9. g4 Nbd7 10. O-O-O b5 11. Bd3 b4 12. Ne4 Nd5 13.
Kb1 a5 14. g5 Qb6 15. h4 $36 {Tal,M-Mascarinas,R/Lvov 1981}) 9... O-O 10. h4 b5
11. Bd3 b4 12. Ne4 Nbd7 13. Neg5 $16 {Colovic,A-Ilic,L/Struga 2005}) (8... Bd6
9. O-O-O Nbd7 10. Rhe1 O-O 11. Ne5 a6 {[%cal Gc6c5]} 12. g4 $6 c5 13. g5 cxd4
14. Nxf7 Rxf7 15. Bxe6 Ne5 $15 {Nijboer,F-Konopka,M/Ohrid 2001}) 9. O-O-O Be7
10. h4 b5 11. Bd3 b4 12. Ne4 Nd5 (12... Nxe4 $6 13. Qxe4 Nf6 14. Qe2 O-O 15. g4
$40) 13. Kb1 a5 (13... c5 $5 14. Nxc5 Nxc5 15. dxc5 O-O) 14. Rh3 N7f6 $6 {
I can understand Black who wasn't longing for the kingside castle as White is
setting up for the attack, but leaving the king in the center is much worse!} (
14... O-O 15. Nfg5 h6) 15. Ne5 h6 16. g4 Qb6 17. Qf3 $16 {Black has many
weaknesses and no counterplay, but strangely enough he managed to survive the
middlegame due to White's indecision just to blunder away in the promising
position!} Bb7 (17... Ba6 18. Nc5 Bxd3 19. Ncxd3 Qxd4 20. g5 hxg5 21. hxg5 Rxh3
22. Qxh3 $16 {[%csl Rc6,Rf7]}) 18. Nc4 Qc7 19. Nc5 $1 O-O-O 20. Nxb7 ({Maybe
better was} 20. g5 hxg5 21. hxg5 Rxh3 22. Qxh3 Nd7 23. Nxb7 Kxb7 24. g6 f5 $16
{but Black seems to hold on (I mean there is no forced victory for White!)})
20... Kxb7 21. Be2 $6 {[%cal Gf3b3,Gb3a4,Gh3b3] Starting the series of strange
manoeuvers.} (21. g5 {[%csl Rf7]}) 21... Rdf8 22. a3 $6 Nd7 23. Qb3 Ra8 {
[%cal Ga5a4]} 24. a4 $5 Bf6 25. c3 Rhb8 {[%cal Gb8b1]} 26. cxb4 axb4 27. Rd3
Bxh4 28. f4 {Of course White has more than sufficient compensation for a pawn,
but at least Black's got something to suffer for!} Be7 (28... Nxf4 29. Bxf4
Qxf4 30. Rf1 Qh2 31. Rxf7 Qxe2 32. Rxd7+ Kc8 33. Ne5 $18) 29. Rc1 $1 {[%csl
Rc6]} Kc8 30. Bf3 Kd8 31. Ne5 Nxe5 32. dxe5 Qb7 33. Qc2 Rc8 $6 ({It was
necessary to play} 33... b3 34. Qxc6 Qxc6 35. Rxc6 Rxa4 36. Bxd5 exd5 37. Rxd5+
Ke8 $14 {with good chances to survive.}) 34. b3 Ra5 35. Rd4 $1 $40 {[%cal
Gc2h7,Gd4c4]} Ke8 (35... c5 36. Rc4 Kc7 $6 {[%csl Rc7]} 37. Qh7 Bf8 38. Bxb4 {
[%cal Gc4c7,Gf3b7]} Kb8 39. Kb2 $1 $16) 36. Rc4 Ra6 37. Qh7 Bf8 38. f5 Qd7 39.
Be4 $2 ({It was much better to take on e6 right away forcing Black to capture
with the queen.} 39. fxe6 $1 Qxe6 (39... fxe6 40. Rf1 $18 {[%csl Re8,Rf8][%cal
Gh7g6,Gf3d5]}) 40. g5 $40) 39... c5 $1 {An excellent defensive resource.} (
39... Rb8) 40. fxe6 Rxe6 41. Bf5 Nb6 42. R4c2 g6 43. Bxh6 $2 (43. Bxe6 $13)
43... Bxh6 ({After} 43... gxf5 $1 44. Bxf8 Qd3 45. Qxf5 Qxb3+ 46. Rb2 Qd5 $17 {
White has to do his best not to lose this position.}) 44. Qxh6 gxf5 45. Qh8+
Ke7 46. Qh4+ Ke8 47. gxf5 Rec6 $4 (47... Qd3 48. fxe6 Qxb3+ 49. Rb2 Qd3+ 50.
Rcc2 fxe6 $13) 48. Qh8+ Ke7 49. f6+ Ke6 50. Qh3+ Kxe5 51. Re1+ Kd6 52. Qg3+ 1-0

[Event "RUS-Cup4"]
[Site "Perm"]
[Date "1997.??.??"]
[Round "9"]
[White "Yandemirov, Valeri"]
[Black "Shinkevich, Vitaly"]
[Result "1-0"]
[WhiteElo "2500"]
[BlackElo "2375"]
[Annotator "Finkel,A"]
[PlyCount "81"]
[EventDate "1997.02.02"]
[EventType "swiss"]
[EventRounds "9"]
[EventCountry "RUS"]
[SourceTitle "CBM 058"]
[Source "ChessBase"]
[SourceDate "1997.06.01"]
[SourceVersion "1"]
[SourceVersionDate "1997.06.01"]
[SourceQuality "1"]

1. e4 {Mueller,Ka} d5 2. exd5 Nf6 3. d4 Nxd5 4. Nf3 g6 5. c4 Nb6 6. Nc3 Bg7 7.
Be3 O-O 8. Be2 Nc6 9. d5 Ne5 (9... Na5 $2 10. Bd4 c5 11. Bxg7 Kxg7 12. b3 e6
13. O-O exd5 14. cxd5 Bg4 15. h3 Bxf3 16. Bxf3 Nc8 17. b4 $1 $16 {Lee,
G-Barthel,A/Biel op 1991 (25)}) 10. Nxe5 Bxe5 11. Bd4 (11. Qd2 $6 {Mueller,Ka}
c6 12. Bd4 Bxd4 13. Qxd4 cxd5 (13... e5 $1) 14. cxd5 e6 15. d6 Nd5 16. O-O (16.
Nxd5 exd5 17. Qxd5 Re8 18. Rd1 Bd7 $44) 16... Qxd6 17. Rfd1 Bd7 18. Bf3 Qb6 19.
Nxd5 exd5 20. Qxb6 axb6 21. Bxd5 Bc6 22. Bb3 $14 {Pieri,F-Maljutin,E/Forli op
1992/TD 92\11/0-1 (66)}) 11... Bxd4 12. Qxd4 e5 13. Qe3 $1 {The best square
for a queen.After Qd2 white can't take on c6 and black gets sufficient
counterplay against pawn d5:} (13. Qd2 c6 14. O-O cxd5 15. cxd5 Bf5 16. f4 exf4
17. Rxf4 Nc8 18. Raf1 Nd6 $13 {Kiss,G-Dobos,J/FSIM Feb Budapest HUN 1996 (36)})
13... c6 {Sooner or later black has to play this way} 14. dxc6 bxc6 15. O-O Qc7
16. Qc5 $1 $14 {Very good positional move.Placed on c5 queen restricts black's
queenside and threatens to penetrate on d6} Be6 (16... Nd7 $2 17. Qe7 $1 $16)
17. Rfd1 Rad8 18. b3 $1 {Useful move.White protects pawn on c4 in case if
queen leaves square c5} Nd7 {It's interesting to see how white with very
simple moves has got nearly decisive positinal advantage.Black hardly can move,
so he decides to sacrifice apawn on c6 to get some space for his pieces} 19.
Qd6 Qa5 $6 (19... Qxd6 20. Rxd6 Nb8 21. Rad1 Rxd6 22. Rxd6 Rc8 {[%cal Gg8f8,
Gf8e7,Gc8d8] would be more persistent}) 20. Ne4 Bf5 21. Qxc6 $16 Qa3 22. Nd6
Bc2 23. Nb5 Qb2 24. Re1 Nb8 25. Qf3 a5 26. Nc3 Kg7 27. Nd5 f5 28. Qe3 Be4 29.
Qa7+ Kh8 30. Qxa5 $18 {Now the strugle is practicaly over.White is two pawns
up and has no weakneses} Nc6 31. Qc3 Qa3 32. Bf3 Bxf3 33. Qxf3 Qc5 34. Rad1 Kg8
35. Qc3 Nd4 36. Qd3 Nc6 37. Qe3 Qa3 38. Qb6 Rc8 39. Nc7 Nb4 40. Qe6+ Kg7 41.
Qxe5+ 1-0

[Event "RUS-Cup4"]
[Site "Perm"]
[Date "1997.??.??"]
[Round "7"]
[White "Kholmov, Ratmir D"]
[Black "Shinkevich, Vitaly"]
[Result "1-0"]
[WhiteElo "2465"]
[BlackElo "2375"]
[Annotator "Finkel,A"]
[PlyCount "57"]
[EventDate "1997.02.02"]
[EventType "swiss"]
[EventRounds "9"]
[EventCountry "RUS"]
[SourceTitle "CBM 058"]
[Source "ChessBase"]
[SourceDate "1997.06.01"]
[SourceVersion "1"]
[SourceVersionDate "1997.06.01"]
[SourceQuality "1"]

1. e4 {Mueller,Ka} d5 2. exd5 Nf6 3. Bb5+ Bd7 4. Bc4 Bg4 5. f3 Bc8 6. Nc3 Nbd7
7. Nge2 Nb6 8. Bb3 (8. b3 $5 Nbxd5 9. Nxd5 Nxd5 10. Bb2 e6 11. Ng3 Nf6 12. Qe2
Be7 13. O-O O-O 14. Rae1 b6 15. f4 Re8 16. Kh1 Bb7 17. f5 $16 {Kalichkin,
I-Pisakov,I/1/2 final Russia Cup, Perm RUS 1997 (51)}) 8... Nfxd5 (8... Nbxd5
9. d4 $6 Nxc3 10. Nxc3 e6 11. O-O Be7 12. Ne4 O-O 13. c3 b6 14. Qe2 Bb7 $11 {
Kremenietsky,A-Maljutin,E/Moscow5 1990/1/2-1/2 (51)}) 9. Nxd5 (9. d4 e6 10. O-O
Be7 11. Ne4 O-O 12. c4 Nf6 13. N2c3 Nbd7 14. Bf4 a6 15. Qd2 Re8 16. Rad1 $16 {
Thorhallsson,G-Blosze,E/Gausdal Peer Gynt 1992 (32)}) 9... Nxd5 10. d4 e6 (
10... g6 $5 11. O-O Bg7 12. c4 Nf6 13. Be3 O-O 14. Qe1 c6 $14 {Pogats,J-Sallay,
R/Budapest HUN ch 1964/1/2-1/2 (48)}) 11. O-O Be7 12. c4 Nf6 13. Be3 O-O (13...
b6 14. Qd2 O-O 15. Rad1 Bb7 16. Nf4 Nd7 17. Qf2 $14 {Seelinger,L-Siemon,E/
OLBaden 1992 (43)}) 14. Bc2 (14. Nc3 b6 15. Qc2 $6 Ba6 16. Qf2 Ne8 17. Rfd1 Nd6
18. Qe2 Qd7 $13 {Polovodin,I-Smagin,S/St.Petersburg op 1993 (48)}) (14. Qd3 Ne8
15. Rad1 Bf6 16. Ng3 b6 17. Ne4 $14 {Gdanski,J-Shinkevich,V/FSGM Feb Budapest
HUN 1996/1/2-1/2 (49)}) (14. Nf4 $6 c5 15. dxc5 Qc7 16. Nd3 Nd7 17. Bc2 Nxc5
$11 {Ankerst,M-Lewandowska,K/BLW 1994 (36)}) 14... b6 15. Qd3 (15. Qe1 Ba6 16.
b3 c5 17. dxc5 Bxc5 18. Bxc5 bxc5 19. Rd1 $14 {Miasnikov,A-Bagirov,V/Tbilisi
URS sf 1957 (28)}) 15... Ba6 $6 {It's better to put a bishop on b7 immediatly
and try to push c5} 16. Rad1 g6 $6 (16... c5 17. Rfe1 h6 18. b3 Bb7 19. Qc3 $14
) 17. Bh6 Re8 18. Ba4 Nd7 19. Qc2 $1 {Good profilactic move aiming against c5
and although threatening 20.Bc6;21.Qa4} Qc8 20. Ng3 {White improves position
of his pieces while black hardly can move} c6 21. Bb3 $6 {Protecting against
21...b5,but letting black free himself with 21...c5.} Qc7 $6 (21... c5 22. d5 (
22. Be3 cxd4 23. Bxd4 Nc5 24. Rfe1 Rd8 $15) 22... exd5 23. Rxd5 Bb7 24. Rd2 Bf6
$15) 22. Ne4 f5 (22... c5 23. Qc3 $1 (23. d5 $5 exd5 24. cxd5 $1 Bd6 $1 (24...
Bxf1 $6 25. d6 Qb7 26. dxe7 $18) 25. Nxd6 Qxd6 26. Rfe1 $13) 23... cxd4 24.
Qxd4 Bc5 25. Nxc5 Qxc5 26. Ba4 $16) 23. Nc3 Bd6 (23... e5 $5 24. Rfe1 Kh8 (
24... exd4 25. Nb5 $1 Qb7 26. Nd6 $1 Bxd6 27. c5+ Kh8 28. cxd6 $36) 25. d5 Rad8
26. Kh1 $13) (23... c5 $6 24. d5 Bd6 (24... e5 25. d6 $1 Bxd6 26. Qd3 Bf8 $8
27. Bg5 Rad8 $8 28. Bxd8 Rxd8 29. Ba4 $16) 25. dxe6 Rxe6 26. Nb5 $1 Bxh2+ 27.
Kh1 Qg3 28. Rxd7 Qh4 29. Bg5 $1 $18) 24. g3 Nf6 (24... c5 $5 25. Nb5 Bxb5 26.
cxb5 cxd4 27. Qxc7 Bxc7 28. Rxd4 Nc5 29. Bc4 $14) 25. Rfe1 c5 26. d5 Be5 $4 (
26... exd5 27. Rxe8+ (27. cxd5 c4 28. Ba4 b5 $1 $19) 27... Rxe8 28. Ba4 $1 Re5
29. cxd5 Qe7 30. Qc1 $13) 27. Ba4 $2 (27. Rxe5 $1 $18 Qxe5 28. Bf4) 27... Re7
$2 {It's incredible that both opponents miss this simple tactical blow two
moves in a row!} 28. Bc6 Rb8 29. Rxe5 {Finaly white payes attension that he
has this possibility} (29. Bg5 {Mueller,Ka} Bd4+ (29... Bxc4 30. Rxe5 $18) 30.
Rxd4 cxd4 31. Bxf6 dxc3 32. Qxc3 $18) 1-0